EU4 Trade Goods - Statistics

General Stats
  • This quiz has been taken 742 times
  • The average score is 20 of 31
Answer Stats
Trade Good % Correct
Gold
95%
Iron
89%
Copper
85%
Fish
82%
Grain
80%
Slaves
80%
Spices
78%
Cloth
73%
Gems
73%
Silk
73%
Livestock
72%
Coal
70%
Glass
66%
Fur
65%
Naval Supplies
62%
Paper
61%
Wool
61%
Sugar
59%
Coffee
56%
Cotton
55%
Tobacco
55%
Wine
55%
Cloves
53%
Tropical Wood
53%
Tea
52%
Salt
51%
Ivory
50%
Chinaware
43%
Cocoa
41%
Dyes
38%
Incense
36%
No matching quizzes found
Score Distribution
Percent of People with Each Score
Percentile by Number Answered
Your Score History
You have not taken this quiz